00634 2200229 4500001002100000005001700021008004100038020001800079035002400097040001200121082000800133090001500141100001800156245008700174250001100261260002700272300003100299504002700330700001800357850001200375990001700387YOGYA-0412000000061620120426003936.0 ind  a979-404-262-5 0010-041200000000616 aYOPDYOG a410 a410bTar T aTARIGAN, Jago aTeknik pengajaran keterampilan berbahasacdisusun oleh Djago Tarigan, H.G. Tarigan aCet. 1 aBandungbAngkasac1986 aviii, 232 hlmbilusc21 cm aBibliografi : hlm. 232 aTarigan, H. G aYOPDYOG a3293-P/99b1